• 首页
  • 本馆介绍
  • 公告通知
  • 最新文献
  • 馆藏检索
  • 电子资源
  • 读者导购
  • 参考咨询
  • 我的图书馆
  • 登录
  • 详细信息显示
  • 放入我的书架
  • 预约/预借图书
  • 作者相关作品
  • 分类相关作品
  • 丛书相关作品
  • 出版社相关作品

书目信息

  • 表格格式
  • 工作单格式
  • 卡片格式
题名:
计算机电路分析和应用
    
 
作者: 史庆周
分册:  
出版信息: 北京   机械工业出版社  1982.10
页数: 510页
开本: 19cm
丛书名:
单 册:
中图分类: TM11
科图分类:
主题词: 电工单位 , 电工--计算
电子资源:
ISBN:
000 00577nam0 2200217 45
001 0308271085
005 20030827104458.1
010    @dRMB3.30
091    @a15033.5102
100    @a20030827d1982 km y0chiy0120 ea
101    @achi
105    @a z 000yy
200 1  @a计算机电路分析和应用@Aji suan ji dian lu fen xi he ying yong@f史庆周@Fshi qing zhou
210    @a北京@c机械工业出版社@d1982.10
215    @a510页@c无图表@d19cm
606 0  @a电工单位
606 0  @a电工@x计算
690    @aTM11@v3
701  0 @a史庆周
801    @aCN@b@c20030827
905    @aBZT@dTM11@e105
    
    计算机电路分析和应用/史庆周.-北京:机械工业出版社,1982.10
    510页:无图表;19cm
    
    
    ISBN :RMB3.30
    
●
相关链接 在五车中查询图书 在当当中查询图书 在豆瓣中查询图书


正题名:计算机电路分析和应用     索取号:TM11/105         预约/预借

序号 登录号 条形码 馆藏地/架位号 状态 备注
1 2429   200252644   中心书库中库/ 中库029架B面3列6层48/ [索取号:TM11/105] 在馆    
2 2430   200252635   中心书库中库/ 中库029架B面3列6层49/ [索取号:TM11/105] 在馆    
山东省滨州职业学院图书馆 欢迎您!
大连网信软件有限公司© 版权所有